00237nam a2200085Ia 450000100070000000500170000700800410002424500590006526000270012485167520250826174500.0250824s9999 xx 000 0 und d 0aANNE, BABA, ÇOCUK ÖYKÜLERİcMURAT ÇİFTKAYA bGENÇ HAYAT YAYINLARI